000 01264cam a2200397 ab4500
001 22681
003 SK-KTurca
005 20260415152254.0
008 240318s2014 xo g 000 f slo
015 _aSNBA2014/11
020 _a9788055611488
_q(viaz.)
035 _aC0F53294-3E01-4B3B-9239-B0E79DA4AA3C
035 _aurn:nbn:sk:snk-am3h5tx
035 _aurn:nbn:sk:snk-am008z2v
040 _aSNK
_bslo
_cSNK
_eAACR2
041 0 _aslo
044 _axo
_cSK
072 7 _a821.162.4-3
_xSlovenská próza
_2konspekt
080 _a821.162.4-31
_22001
080 _a(0:82-311.6)
_22001
080 _a(0:82-312.4)
_22001
100 1 _aČervenák, Juraj,
_d1974-
_4aut
245 1 0 _aKrv prvorodených
_bdruhý prípad kapitána Steina a notára Barbariča
_cJuraj Červenák
250 _a1. vyd.
260 _aBratislava
_bSlovart
_c2014
300 _a261 s.
_c22 cm
655 7 _aslovenské romány
_2SNKPH
655 7 _ahistorické romány
_2SNKPH
655 7 _adetektívne romány
_2SNKPH
655 7 _aSlovak fiction
_2SNKPHeng
655 7 _aHistorical novels
_2SNKPHeng
655 7 _aDetective novels
_2SNKPHeng
787 0 8 _iZo série:
_tKapitán Stein a notár Barbarič
_g2
942 _2ddc
_cKLDO
_n0
999 _c22681
_d22681